[Event "Marienbad IM-II 2022"]
[Site "Marianske Lazne"]
[Date "2022.01.17"]
[Round "3.17"]
[White "Bomans, Arno"]
[Black "Pisk, Petr"]
[Result "1/2-1/2"]
[WhiteElo "2246"]
[BlackElo "2328"]
[Annotator "TA"]
[PlyCount "35"]
[EventDate "2022.01.15"]
[EventType "tourn"]
[EventCountry "CZE"]
[SourceTitle "playchess.com"]
[Source "ChessBase"]
[SourceQuality "1"]

{[%evp 18,22,33,31,39,37,52]} 1. d4 d5 2. c4 e6 3. Nc3 Nf6 4. cxd5 exd5 5. Bg5 {[%cal Bc1g5,Bg5h4,Bh4g3][%mdl 32]} c6 6. e3 h6 7. Bh4 Be7 8. Bd3 O-O 9. Qc2 {9.Nge2 deserves study.} Be6 10. Nge2 Ne8 {D36: Queen's Gambit Declined: Exchange Variation: Main line (5 Bg5 c6 6 Qc2).} 11. Bg3 Nd7 {[#]} {Predecessor:} 12. Nf4 $146 Nd6 13. O-O Nf6 14. Nxe6 fxe6 15. Ne2 Nde4 16. Be5 Re8 17. f3 Ng5 18. Bg6 {1-0 (57) Gretarsson,H (2370)-Kuipers,E Duisburg 1992} 1/2-1/2

[Event "Marienbad IM-II 2022"]
[Site "Marianske Lazne"]
[Date "2022.01.17"]
[Round "3.18"]
[White "Acor, Corey"]
[Black "Richter, Nils"]
[Result "0-1"]
[WhiteElo "2303"]
[BlackElo "2270"]
[Annotator "TA"]
[PlyCount "94"]
[EventDate "2022.01.15"]
[EventType "tourn"]
[EventCountry "CZE"]
[SourceTitle "playchess.com"]
[Source "ChessBase"]
[SourceQuality "1"]

{[%evp 14,94,-25,-25,-25,-35,-18,-72,-79,-79,-70,-73,-70,-111,-115,-118,-129,-143,-138,-144,-153,-140,-139,-140,-119,-117,-116,-127,-127,-195,-192,-189,-162,-368,-352,-331,-359,-359,-356,-469,-485,-501,-507,-506,-426,-439,-408,-500,-503,-609,-609,-589,-567,-518,-370,-719,-707,-677,-670,-729,-670,-602,-588,-677,-677,-677,-677,-666,-651,-635,-635,-625,-620,-613,-601,-29972,-29973,-29973,-29974,-29973,-29974,-29973,-29969]} 1. e4 c6 2. d3 d5 3. Nd2 e5 4. Ngf3 Bd6 5. g3 Nf6 6. Bg2 O-O 7. O-O Re8 8. b3 a5 {B10: Caro-Kann: 2 d3 and 2 c4.} 9. a4 {was the old line (9.a3).} Na6 {[#]} 10. exd5 $146 (10. Bb2 $11) ({Predecessor:} 10. Bb2 Nb4 11. Re1 Qc7 12. h3 dxe4 13. dxe4 b5 14. Nf1 Bc5 15. Qe2 Ba6 16. axb5 cxb5 {1-0 (93) Adams,M (2708)-Dreev,A (2679) Las Vegas 1999}) 10... cxd5 $17 {Black is better.} 11. Bb2 {[#]} Nb4 $1 12. Nb1 Bg4 {And now ...e4 would win.} 13. h3 (13. Qd2 $1 $15) 13... Bxf3 14. Bxf3 {[#]} Qc8 $1 {[%csl LRc2,LRh3]} 15. Nc3 Qxh3 {Hoping for ...Bc5.} 16. Nb5 Rad8 17. Nxd6 Rxd6 18. Ba3 {Threatens to win with c3.} Rdd8 {Black is much more active.} 19. Bg2 Qc8 20. Qd2 Nc6 (20... Nxc2 $2 21. Rac1 $18) 21. c3 (21. Bb2 $17 {might work better.}) 21... Qg4 $19 22. Rfe1 h5 23. Kh2 $2 (23. Bb2) 23... h4 24. Bh3 hxg3+ 25. fxg3 Qh5 26. Kg2 d4 {Strongly threatening ...dxc3.} ({Avoid the trap} 26... e4 $2 27. Qd1 $19) 27. c4 e4 28. dxe4 Rxe4 ({Stronger than} 28... Ne5 29. Qd1 $17) 29. Rxe4 Nxe4 30. Qf4 Qe2+ ({Worse is} 30... Ng5 31. Bg4 Qg6 32. Bf5 $17) 31. Kg1 g5 32. Bf1 gxf4 33. Bxe2 fxg3 34. Kg2 $2 (34. Re1) 34... d3 35. Bf3 f5 {[%cal Bf7f5,Bf5e4][%mdl 32]} 36. Rd1 Ne5 37. Bxe4 fxe4 {[%mdl 4096] Endgame KRB-KRN} 38. Bc1 Rf8 {...Rf2+ is the strong threat.} 39. Re1 d2 40. Bxd2 Rf2+ 41. Kxg3 Rxd2 42. Rxe4 {KRN-KR} Rd3+ 43. Kf4 Nc6 44. Re3 Rxe3 {Black mates.} 45. Kxe3 Kf7 46. Ke4 Ke6 47. c5 Nb4 {White got outplayed after the opening.  Weighted Error Value: White=0.37/Black=0.10 (very precise)} 0-1

[Event "Marienbad IM-II 2022"]
[Site "Marianske Lazne"]
[Date "2022.01.17"]
[Round "3.19"]
[White "Meszaros, Andras"]
[Black "Klek, Hanna Marie"]
[Result "1-0"]
[WhiteElo "2205"]
[BlackElo "2341"]
[Annotator "TA"]
[PlyCount "85"]
[EventDate "2022.01.15"]
[EventType "tourn"]
[EventCountry "CZE"]
[SourceTitle "playchess.com"]
[Source "ChessBase"]
[SourceQuality "1"]

{[%evp 16,85,11,16,36,9,33,20,25,8,8,-10,-14,-10,-18,-22,-24,-21,-21,-34,-15,-23,-38,-35,-20,-16,-2,-29,0,-6,0,0,0,0,0,0,0,0,0,0,0,-16,0,-92,76,111,94,-32,-33,-33,-31,-33,0,0,18,16,577,597,29991,2402,29992,29989,29989,29990,29990,29991,29991,29990,29993,29994,29998,29998]} 1. e4 e5 2. Nf3 Nc6 3. Bb5 a6 4. Ba4 Nf6 5. O-O Be7 6. Bxc6 dxc6 7. d3 Nd7 8. Nbd2 O-O 9. Nc4 Bd6 {C85: Closed Ruy Lopez: Deferred Exchange Variation.} 10. a4 c5 11. a5 Re8 {[#] The position is equal.} 12. b3 $146 ({Predecessor:} 12. Nxd6 cxd6 13. Nd2 b5 14. axb6 Nxb6 15. f4 exf4 16. Rxf4 Be6 17. Qh5 Nd7 18. h3 {½-½ (49) Lopez Martinez,J (2540)-Gonzalez Vidal,Y (2507) Catalunya 2009}) 12... Nb8 {[%cal Bd7b8,Bb8c6,Bc6d4][%mdl 32]} 13. Bg5 f6 14. Bd2 Bg4 {[%cal Bc8g4,Bg4h5,Bh5f7][%mdl 32]} 15. h3 Bh5 16. g4 Bf7 17. Nh4 Nc6 18. Nf5 Bf8 19. Nce3 g6 20. Ng3 Bh6 21. Kh1 Nd4 22. Ng2 Bxd2 23. Qxd2 b5 24. axb6 cxb6 25. f4 a5 26. Rf2 Kg7 {[%cal Of7b3]} 27. Raf1 {Black must now prevent fxe5.} Ra7 $1 28. Qe3 b5 29. Nh4 (29. h4 $11) 29... b4 $2 (29... f5 $6 30. Nf3 $11) (29... exf4 $17 {keeps the pressure on.} 30. Rxf4 Re6) 30. fxe5 $16 fxe5 31. Nf3 (31. Rf6 $1 $16 {[%cal Og3h5] Strongly threatening Nh5+!} Qxf6 32. Rxf6 Kxf6 33. Qh6) 31... Bg8 $15 32. Ng5 h6 33. Nf3 a4 34. bxa4 Rxa4 35. g5 ({But not} 35. Nxd4 cxd4 36. Qe1 Qe7 $15) 35... hxg5 {[%mdl 8192] This costs Black the game.} (35... Kh7 $11 {and Black is okay.}) 36. Nxg5 $18 {[%cal Og3h5] White threatens Nh5+! and mate. Pair of Knights!} Ra2 {[#]} 37. Rg1 ({Not} 37. Nf7 $2 Qh4 38. Kh2 (38. Nd6 $2 Re7 $17) 38... Re7 $19) (37. Nh5+ $142 $1 {[%mdl 512]} gxh5 38. Qg3 Kh8 39. Nf7+ Bxf7 40. Rxf7 Qf6 41. R7xf6 Nf5 42. exf5 Ra6 43. Rg1 $1 {[%mdl 512]} Ra7 44. Rh6+ Rh7 45. Qg7#) 37... Kh8 {[#]} 38. Nh5 $1 {[%mdl 512] White mates.} Rf8 {[#]} 39. Nf7+ $1 {[%mdl 512]} Rxf7 40. Rxf7 g5 {[#]} 41. Nf6 $1 {[%mdl 512]} Rxc2 {[#]} (41... Ra1 42. Rxa1) 42. Rxg5 $1 Bxf7 {[#]} (42... Rh2+ 43. Kxh2) 43. Rg8+ $3 {[%mdl 512] Weighted Error Value: White=0.16 (very precise) /Black=0.60} 1-0

[Event "Marienbad IM-II 2022"]
[Site "Marianske Lazne"]
[Date "2022.01.17"]
[Round "3.20"]
[White "Ochedzan, Tymon"]
[Black "Vojta, Jakub"]
[Result "1-0"]
[WhiteElo "2350"]
[BlackElo "2289"]
[Annotator "TA"]
[PlyCount "61"]
[EventDate "2022.01.15"]
[EventType "tourn"]
[EventCountry "CZE"]
[SourceTitle "playchess.com"]
[Source "ChessBase"]
[SourceQuality "1"]

{[%evp 10,61,41,31,40,40,49,41,50,39,48,28,75,45,50,0,0,0,0,-10,-17,-21,0,0,0,-7,21,0,0,0,0,0,0,0,0,0,0,-18,8,0,185,162,735,723,727,721,764,735,1222,1222,1207,1189,1129,1069]} 1. e4 e6 2. d4 d5 3. Nc3 Bb4 4. e5 b6 5. Qg4 Bf8 6. h4 {[%cal Bh2h4,Bh4h5][%mdl 32]} Qd7 {C16: French: 3 Nc3 Bb4 4 e5: Lines without ...c5.} 7. h5 Ba6 8. Bxa6 Nxa6 {White is slightly better.} 9. Be3 {[#]} c5 $146 ({Predecessor:} 9... O-O-O 10. Nge2 h6 11. Nf4 Ne7 12. Qe2 Kb7 13. a4 Nf5 14. a5 Ra8 15. O-O Be7 {0-1 (60) Kanarek,M (2387)-Sieciechowicz,M (2445) Chotowa 2010}) 10. Nf3 Rc8 (10... h6 $11) 11. a3 {White is more active.} h6 12. Qf4 (12. Nh4 $14) 12... Ne7 $11 13. g4 Nc6 14. Ne2 cxd4 15. Nexd4 Nxd4 16. Nxd4 Be7 17. Qg3 Rc4 18. Rd1 f6 {To avoid g5} 19. exf6 Bxf6 20. c3 e5 21. Nf5 O-O 22. O-O Nc7 {[%cal Ba6c7,Bc7e6,Be6g5,Bg5f3,Bf3d2][%mdl 32]} 23. Rd2 Qe6 24. Re1 {[%cal Oe3d4]} d4 $2 {[#]} (24... Qc6 $11) 25. Bxd4 $1 $18 {aiming for Rde2.} exd4 $2 (25... Qd7) 26. Rxe6 {White is clearly winning.} Nxe6 27. Qd6 {[%csl LRd4,LRe6]} Ng5 28. Qd5+ Kh7 29. Qxc4 Nf3+ 30. Kg2 Nxd2 31. Qd3 {Weighted Error Value: White=0.10 (very precise) /Black=0.28 (precise)} 1-0

[Event "Marienbad IM-II 2022"]
[Site "Marianske Lazne"]
[Date "2022.01.18"]
[Round "4.16"]
[White "Hari Charan Sai Kalluri"]
[Black "Vojta, Jakub"]
[Result "0-1"]
[WhiteElo "2160"]
[BlackElo "2289"]
[Annotator "TA"]
[PlyCount "66"]
[EventDate "2022.01.15"]
[EventType "tourn"]
[EventCountry "CZE"]
[SourceTitle "playchess.com"]
[Source "ChessBase"]
[SourceQuality "1"]

{[%evp 9,66,-24,-19,-14,-18,-27,-21,-20,-30,-43,-39,-59,-32,-39,15,0,8,-4,-7,-6,2,-6,-4,-8,-21,-25,-8,-28,-17,-47,-21,-42,-37,-44,-26,-20,-30,-28,-28,-86,-92,-84,-88,-182,-191,-195,-181,-297,-304,-310,-259,-316,-334,-464,-467,-463,-448,-1460,-1395]} 1. d4 Nf6 2. c4 c5 3. e3 e6 4. a3 b6 5. Qf3 d5 {[#]} 6. cxd5 $146 {E00: Catalan Bogo-Indian (3 g3 Bb4+).} ({Predecessor:} 6. Bd3 Nc6 7. h3 cxd4 8. exd4 Nxd4 9. Qd1 dxc4 10. Bc2 Bb7 11. Ba4+ b5 12. Bxb5+ Nxb5 13. Qxd8+ Rxd8 {0-1 (34) Hardwick,M (1498)-Maetzig,R (1894) ICCF email 2015}) 6... exd5 7. Bb5+ Bd7 8. Bxd7+ {The position is equal.} Qxd7 9. Ne2 Nc6 10. Nbc3 Be7 11. O-O cxd4 ({Better is} 11... c4 $15) 12. exd4 O-O 13. b4 Rfe8 14. Bf4 Rad8 {[%cal Of6e4]} 15. Rad1 Ne4 16. Nxe4 dxe4 17. Qg3 Qf5 18. Qc3 (18. Rc1 $5 {[%cal Rc1c6]} Qd5 19. Rfd1 $11) 18... Qd5 19. Be3 Bf6 20. Nf4 Qb5 21. Rd2 Rd6 22. Rfd1 Ne7 23. Qb3 a5 24. a4 (24. Rc2 $11 {keeps the balance.}) 24... Qxb4 $17 25. Qxb4 axb4 26. Nh5 (26. Rb1 $17) 26... Nd5 $19 27. Nxf6+ Rxf6 28. Ra1 (28. Rc2 $142) 28... Rc6 29. Rb2 Rec8 30. h3 f5 {[%cal Bf7f5,Bf5f4][%mdl 32]} 31. Kh2 f4 {Black is clearly winning.} 32. Bd2 Rc2 33. Raa2 (33. Rab1 $142 Rxb2 34. Rxb2) 33... b3 {Weighted Error Value: White=0.42/Black=0.11 (very precise)} 0-1

[Event "Marienbad IM-II 2022"]
[Site "Marianske Lazne"]
[Date "2022.01.18"]
[Round "4.17"]
[White "Klek, Hanna Marie"]
[Black "Ochedzan, Tymon"]
[Result "1-0"]
[WhiteElo "2341"]
[BlackElo "2350"]
[Annotator "TA"]
[PlyCount "115"]
[EventDate "2022.01.15"]
[EventType "tourn"]
[EventCountry "CZE"]
[SourceTitle "playchess.com"]
[Source "ChessBase"]
[SourceQuality "1"]

{[%evp 9,115,19,48,43,50,42,63,33,47,38,41,0,96,37,42,33,41,43,41,18,39,39,39,39,39,39,44,41,37,37,37,30,36,35,240,271,223,222,213,160,409,397,600,594,691,691,669,453,453,448,445,427,404,367,277,277,232,232,1182,312,1330,956,1141,594,29954,927,29962,29962,29960,29953,29959,29962,29962,29965,29971,29972,29972,29974,29975,29977,29976,29977,29976,29979,29979,29980,29980,29981,29981,29980,29980,29981,29981,29982,29982,29983,29983,29984,29984,29983,29983,29984,29984,29985,29985,29985,29984,29984]} 1. d4 Nf6 2. c4 {[%cal Bc2c4,Bc4b5][%mdl 32]} c5 3. d5 b5 4. cxb5 a6 5. bxa6 g6 6. Nc3 {A58: Benko/Volga Gambit: Lines with 5 bxa6.} Bg7 7. e4 O-O 8. a7 {White is slightly better.} Rxa7 9. Nf3 e6 10. Bf4 (10. Be2 $14 {is more appropriate.}) 10... Na6 (10... Qb6 $11 {keeps the balance.}) 11. Be2 {White is more active.} (11. Bd6 $16) 11... exd5 $14 12. exd5 (12. e5 {with more complications.} Ne4 13. Nxd5 d6 14. O-O g5 15. Be3) 12... d6 13. O-O Nc7 14. Re1 Rb7 15. Qd2 Nfxd5 16. Nxd5 Rxb2 17. Qd1 Nxd5 18. Qxd5 {[#] And now Rac1 would win.} Rxe2 $1 19. Rxe2 Bxa1 {This bishop pair is nice.} 20. Bxd6 {[#]} Bb7 $146 ({Predecessor:} 20... Be6 21. Qxc5 Re8 22. a4 Qd7 23. Qa3 Bg7 24. a5 Qb5 25. Re1 Rc8 26. Be5 Bf8 {1-0 (39) Thybo,J (2479)-Perunovic,M (2608) Heraklion 2017}) 21. Qxc5 ({Of course not} 21. Qxb7 Qxd6 22. g3 Bf6 $15) 21... Bxf3 $2 {This move loses the game for Black.} ({Black should try} 21... Re8 $14 22. Qc7 Bc6) 22. gxf3 $18 Re8 23. Rxe8+ Qxe8 24. Qb4 {Strongly threatening a4.} Kg7 $2 (24... Qa8 $16) 25. a4 Qc6 (25... Qa8 $142 26. Kg2 Bf6) 26. Bf8+ Kf6 27. Qe7+ Kf5 28. Qc5+ Qxc5 29. Bxc5 {[%mdl 4096] Endgame KB-KB} Bc3 {[#]} 30. Bb6 {To avoid Ba5} Ke6 31. a5 {Black must now prevent a6.} Kd7 32. a6 {aiming for a7.} Kc6 33. Be3 f5 $2 (33... Be1 34. Kf1 Bb4) 34. Kf1 $2 (34. f4 Bb4 35. Kf1) 34... Bf6 $2 (34... g5 35. Ke2 (35. Bxg5 Kb6 $18) 35... Bf6) 35. Ke2 g5 36. Kd3 h5 37. Kc4 {Threatening mate with a7.} Bd8 38. a7 {White mates.} Kb7 39. Kd5 f4 40. Bd4 g4 41. Ke4 Bc7 42. fxg4 hxg4 43. f3 gxf3 44. h4 {[%cal Bh2h4,Bh4h5][%mdl 32]} Bd8 45. h5 Bg5 46. Kxf3 Bh6 47. Kg4 Ka8 48. Kf5 Kb7 49. Kg6 Bf8 50. Kg5 f3 51. Kg4 Bg7 52. Bf2 Ka8 53. Kxf3 Kb7 54. Kg4 Bh6 55. Kf5 Ka8 56. Kg6 Bd2 57. Bh4 Kxa7 58. Bg5 {Weighted Error Value: White=0.27 (precise) /Black=0.36} 1-0

[Event "Marienbad IM-II 2022"]
[Site "Marianske Lazne"]
[Date "2022.01.18"]
[Round "4.18"]
[White "Richter, Nils"]
[Black "Meszaros, Andras"]
[Result "1-0"]
[WhiteElo "2270"]
[BlackElo "2205"]
[Annotator "TA"]
[PlyCount "84"]
[EventDate "2022.01.15"]
[EventType "tourn"]
[EventCountry "CZE"]
[SourceTitle "playchess.com"]
[Source "ChessBase"]
[SourceQuality "1"]

{[%evp 22,84,14,7,22,20,27,22,19,31,34,25,42,31,37,53,56,15,75,18,25,17,43,37,66,36,72,73,132,37,30,36,20,36,134,140,134,138,134,125,189,189,215,206,199,170,175,185,177,163,184,181,264,258,250,250,252,215,256,245,264,259,336,285,314]} 1. d4 d5 2. c4 e6 3. Nf3 c5 4. cxd5 exd5 5. g3 Nc6 6. Bg2 Nf6 7. O-O Be7 8. Nc3 O-O 9. b3 Ne4 10. Bb2 Bf6 11. Nxe4 dxe4 12. Nd2 {[%cal Bf3d2,Bd2e4,Be4c5,Bc5d3,Bd3b2,Bb2c4][%mdl 32]} Bxd4 {D34: Tarrasch Defence: 6 g3 Nf6 7 Bg2 Be7.} 13. Bxd4 cxd4 14. Nxe4 Qe7 {The position is equal.} 15. Rc1 Re8 16. Re1 Bg4 17. Qd2 Rad8 18. Nc5 {[%cal Oc5b7] Black must now prevent Nxb7!} Rd6 19. b4 {[#]} (19. Rc4 $14) 19... Bc8 $146 (19... h6 $11 {keeps the balance.}) ({Predecessor:} 19... b6 20. Ne4 Rg6 21. b5 Na5 22. Qxd4 Rd8 23. Qa4 h6 24. Nc3 Be6 25. Red1 Rg5 {½-½ (65) Garcia Guerrero,I (2311)-Frey Beckman,K (2253) Mexico City 2021}) 20. a4 (20. b5 $16 Ne5 21. Nb3) 20... h6 $11 21. a5 Qd8 {[%cal Od4d3]} 22. Nd3 Ne7 23. Nb2 b6 24. Nc4 Rf6 (24... Re6 $142) 25. e4 (25. Red1 $16) 25... dxe3 $1 $14 26. Rxe3 Qxd2 27. Nxd2 {[%cal Og2c6] Threatens to win with Bc6!} bxa5 {[#] White now steadily converts the win.} ({Black should play} 27... Be6 $14) 28. Rxe7 $1 $16 {[%mdl 576] Remove Defender. White is more active.} Rxe7 29. Rxc8+ Kh7 30. bxa5 Re1+ {[#]} (30... Re2 $16) 31. Bf1 $1 $18 Ra1 32. Rc5 Rd1 33. Nc4 Rc1 34. Kg2 g6 35. Rd5 Kg7 36. Ne3 Re6 (36... a6 $142 37. Bc4 Rc6) 37. a6 Rc7 38. g4 Rb6 39. Bb5 Rc1 40. h4 {[%cal Bh2h4,Bh4h5][%mdl 32]} Rc3 41. h5 Kf6 42. Bc4 {[%cal Og4g5] Hoping for g5+!} Rb2 {Weighted Error Value: White=0.17 (very precise) /Black=0.26 (precise)} 1-0

[Event "Marienbad IM-II 2022"]
[Site "Marianske Lazne"]
[Date "2022.01.18"]
[Round "4.19"]
[White "Pisk, Petr"]
[Black "Acor, Corey"]
[Result "1/2-1/2"]
[WhiteElo "2328"]
[BlackElo "2303"]
[Annotator "TA"]
[PlyCount "27"]
[EventDate "2022.01.15"]
[EventType "tourn"]
[EventCountry "CZE"]
[SourceTitle "playchess.com"]
[Source "ChessBase"]
[SourceQuality "1"]

{[%evp 12,27,41,39,45,42,53,50,39,48,52,47,123,26,26,21,18,20]} 1. e4 e5 2. Nf3 Nc6 3. Bb5 Nge7 4. O-O d6 5. c3 Bd7 6. d4 {[%cal Bd2d4,Bd4d5][%mdl 32]} Ng6 7. d5 Nb8 {C60: Ruy Lopez: Unusual Black 3rd moves and 3...g6.} 8. Bxd7+ Nxd7 9. c4 Be7 {White is slightly better.} 10. Nc3 h6 11. g3 {[#]} Bg5 $146 (11... O-O $14) ({Predecessor:} 11... O-O 12. Be3 Nf6 13. Ne1 Qd7 14. f3 Nh7 15. Nd3 f5 16. exf5 Rxf5 17. Ne4 Raf8 18. Qe2 Bg5 19. Nxg5 Nxg5 20. Bxg5 Rxg5 21. Kh1 Rgf5 22. Kg2 Rg5 {½-½ (22) Hunt,A (2428)-Thorfinnsson,B (2432) Bunratty 2015}) 12. Qe2 (12. Nxg5 $16 {And now Nf3 would win.} hxg5 13. Qg4) 12... Bxc1 $11 13. Raxc1 a5 14. h4 {Weighted Error Value: White=0.24 (precise) /Black=0.14 (very precise)} 1/2-1/2

[Event "Marienbad IM-II 2022"]
[Site "Marianske Lazne"]
[Date "2022.01.18"]
[Round "4.20"]
[White "Michalek, Jan"]
[Black "Bomans, Arno"]
[Result "1/2-1/2"]
[WhiteElo "2240"]
[BlackElo "2246"]
[Annotator "TA"]
[PlyCount "124"]
[EventDate "2022.01.15"]
[EventType "tourn"]
[EventCountry "CZE"]
[SourceTitle "playchess.com"]
[Source "ChessBase"]
[SourceQuality "1"]

{[%evp 12,124,8,16,25,23,35,32,33,31,69,60,60,49,87,50,55,40,54,48,56,53,53,21,45,51,39,20,27,24,25,12,47,14,20,9,18,7,18,7,7,0,17,0,6,-21,0,-82,0,0,0,0,0,0,0,0,0,0,0,0,0,0,0,0,0,0,0,0,0,-8,-4,-10,0,0,0,0,0,-51,0,-62,0,0,0,0,0,0,-8,-6,0,-8,0,0,180,-161,-135,-139,-24,-19,-39,-60,-39,-51,-8,-8,-8,-8,-8,-8,-8,-8,-8,-8,0,0,0]} 1. e4 c5 2. Nf3 Nc6 3. Bb5 Nf6 4. Nc3 g6 5. O-O Bg7 6. Bxc6 dxc6 7. d3 Nd7 {B31: Sicilian: 2...Nc6 3 Bb5 g6.} 8. Be3 e5 9. a4 Qe7 {White is slightly better.} 10. a5 Nf8 11. Na4 $1 {White is more active.} Ne6 12. Nd2 Rb8 13. b4 b6 $1 {[#]} 14. Nb3 $146 ({Predecessor:} 14. axb6 axb6 15. bxc5 b5 16. Qb1 f5 17. f3 f4 18. Bf2 Bb7 19. Nb6 Nxc5 20. Ra7 {1-0 (42) Antipov,M (2531)-Yagiz,Y (2252) Konya 2015}) 14... cxb4 15. axb6 axb6 16. Nxb6 O-O 17. Qd2 Nf4 {[%cal Oc8h3]} 18. Nxc8 Rfxc8 19. Ra5 Ne6 $1 20. Rfa1 c5 21. Ra7 Rb7 {[%cal Bb8b7,Bb7c7,Bc7c8,Bc8a8,Ba8a6,Ba6a7][%mdl 32]} 22. Ra8 (22. R7a6 {is more complex.} Rd7 23. Qe2 Rd6 24. Ra8 Qd8 25. R8a4) 22... Rbc7 23. Rxc8+ Rxc8 24. Na5 Ra8 25. Qd1 Ra6 26. Nb3 Ra7 27. f3 Bf6 28. Kf1 Bg5 (28... Ra3 $5 {[%cal Rf6g5]}) 29. Bf2 (29. Rxa7 $11 {keeps the balance.} Qxa7 30. Bf2) 29... Qc7 ({Black should play} 29... Ra3 $17) 30. Rxa7 $11 Qxa7 31. Qa1 Qxa1+ 32. Nxa1 {[%mdl 4096] Endgame KBN-KBN} Be7 33. Nb3 Kf8 34. Na5 Ke8 35. Nc4 f6 36. g3 Kd7 37. Be3 Bd8 38. Ke2 Bc7 39. Kd2 Kc6 40. Kc1 f5 41. Kd2 h5 42. Bf2 Bb8 43. Ke2 Kb5 44. Be3 ({Better is} 44. exf5 $11 gxf5 45. Nd2) 44... Bc7 (44... f4 $15 45. Bf2 fxg3 46. hxg3 Nd4+ 47. Bxd4 cxd4) 45. Kd2 (45. exf5 $11 gxf5 46. Bf2) 45... Bb8 (45... f4 $15 46. Bf2 fxg3 47. hxg3 Nd4 48. Bxd4 cxd4) 46. Kc1 f4 47. Bf2 Ng5 48. Nd2 Nh3 49. Be1 Ka4 50. g4 hxg4 51. fxg4 c4 $2 (51... Ka3 $11 {and Black stays safe.}) 52. Nf3 $4 {[%mdl 8192]} ({Not} 52. Nxc4 f3 53. Bd2 Ba7 $11) (52. dxc4 $18 {was the only winning move. Strongly threatening Kd1.} Ka3 53. Kd1) 52... cxd3 53. cxd3 Kb3 ({Black should try} 53... Ka3 $17 {aiming for ...Bd6.} 54. Kb1 Kb3) 54. d4 $1 exd4 55. Nxd4+ Kc4 56. Nc6 {[%csl LRb4,LRb8] [#]} f3 $1 57. Nxb8 {The position is equal.} f2 58. Bxf2 Nxf2 59. Nd7 Nxe4 60. h4 Kc3 {[#] ( -> ...b3)} 61. Nb6 $1 Kd4 62. Nd7 Kc4 {Weighted Error Value: White=0.18 (very precise) /Black=0.21 (precise)} 1/2-1/2

[Event "Marienbad IM-II 2022"]
[Site "Marianske Lazne"]
[Date "2022.01.18"]
[Round "5.16"]
[White "Bomans, Arno"]
[Black "Hari Charan Sai Kalluri"]
[Result "1-0"]
[WhiteElo "2246"]
[BlackElo "2160"]
[Annotator "TA"]
[PlyCount "77"]
[EventDate "2022.01.15"]
[EventType "tourn"]
[EventCountry "CZE"]
[SourceTitle "playchess.com"]
[Source "ChessBase"]
[SourceQuality "1"]

{[%evp 10,77,13,16,29,27,27,25,20,20,29,22,21,7,7,4,10,-15,8,-1,-4,-8,7,-106,-6,-6,-4,-6,0,0,63,78,107,107,147,157,204,188,201,198,204,208,180,27,35,35,71,0,247,222,193,201,296,281,513,516,507,415,535,522,654,597,1167,1082,1410,1439,1785,1891,29950,5297]} 1. d4 d5 2. c4 c6 3. Nf3 Nf6 4. Nc3 a6 5. a4 e6 6. g3 Be7 {D15: Slav Defence: 4 Nc3 a6 and gambit lines after 4 Nc3 dxc4.} 7. Bg2 O-O 8. O-O a5 {White has an edge.} 9. b3 Na6 10. Bb2 Nb4 11. Ne5 Nd7 {[#]} 12. Nxd7 $146 ({Predecessor:} 12. Nd3 dxc4 13. bxc4 Nb6 14. Qb3 Nxd3 15. exd3 Bf6 16. Ne2 Nd7 17. d5 Nc5 18. Qc2 Bxb2 19. Qxb2 Nxd3 {1-0 (38) Nguyen,E (1889)-Dumas,C (1868) France 2011}) 12... Qxd7 13. e4 b6 14. Na2 Ba6 15. Nxb4 axb4 16. Qg4 (16. exd5 $11 {keeps the balance.} cxd5 17. cxd5) 16... f5 ({Black should try} 16... dxc4 $17 {Strongly threatening ...c3.} 17. bxc4 Bxc4) 17. exf5 $11 exf5 18. Qe2 Rae8 19. Rfe1 Bf6 (19... Bd6 $11 20. Qc2 Rxe1+ 21. Rxe1 Re8) 20. Qd2 $14 Qd6 21. c5 Rxe1+ 22. Rxe1 bxc5 (22... Qb8 $16 {was called for.} 23. cxb6 (23. Qxb4 bxc5 24. Qxc5 Re8 $16) 23... Qxb6) 23. dxc5 $18 Qxc5 {[#]} 24. Rc1 {To avoid Bc3} Bc3 25. Bxc3 bxc3 26. Qxc3 (26. Rxc3 $18 Qa5 27. Qd4) 26... Qxc3 $11 27. Rxc3 $18 {[%mdl 4096] Endgame KRB-KRB} Bb7 28. f4 ({Better is} 28. b4 $16) 28... Kf7 $2 {[#]} (28... Rb8 $11 {and Black is okay.}) 29. Bxd5+ $1 {[%mdl 512]} cxd5 {KRB-KR} 30. Rc7+ {[%cal Bc3c7,Bc7b7,Bb7b6][%mdl 32]} Kf6 (30... Ke6 $142) 31. Rxb7 {KR-KR} Rc8 $2 (31... Re8 32. Rb6+ (32. Rd7 Ke6 $16) 32... Ke7) 32. Kf2 Rc2+ 33. Ke3 Rxh2 34. a5 {[%cal Ba4a5,Ba5a6][%mdl 32]} Ra2 35. b4 h5 36. Rb6+ Kf7 37. a6 Ra3+ 38. Kd4 Rxg3 39. Rb5 {Weighted Error Value: White=0.21 (precise) /Black=0.89} 1-0